00291nam a2200133Ia 45000030006000000080041000060400015000471000020000622450020000822600020001023000006001225460012001280050017001400STCL150530s9999 xx 000 0 und d aSTCLcSTCL aRafiquzzaman, M aMicroprocessors c2010aNew Delhi a0 aEnglish20220125160201.0